[Event "ROM-chT"]
[Site "Mamaia"]
[Date "2024.10.01"]
[Round "4.4"]
[White "Nanu, Ciprian Costica"]
[Black "Gheorghiu, Calin"]
[Result "1-0"]
[WhiteElo "2525"]
[BlackElo "2313"]
[PlyCount "75"]
[EventDate "2024.09.28"]
[EventType "team-tourn"]
[EventRounds "9"]
[EventCountry "ROU"]
[SourceTitle "EXT 2025"]
[Source "ChessBase"]
[SourceDate "2024.10.14"]
[SourceVersion "1"]
[SourceVersionDate "2024.10.14"]
[SourceQuality "1"]
[WhiteTeam "Arad Vados"]
[BlackTeam "Galati Smart"]
[WhiteTeamCountry "ROU"]
[BlackTeamCountry "ROU"]

1. Nf3 d5 2. g3 Nf6 3. Bg2 g6 4. c4 c6 5. b3 Bg7 6. Bb2 0-0 7. 0-0 Re8 8. d4 Nbd7 9. Nbd2 a5 10. a4 Nf8 11. Rc1 Bf5 12. Nh4 Bg4 13. h3 Be6 14. Nhf3 h6 15. Ne5 N8d7 16. Nd3 Bf5 17. cxd5 cxd5 18. Nf4 g5 19. Nxd5 Nxd5 20. Bxd5 Bxh3 21. Re1 Rb8 22. Nc4 Nb6 23. Bf3 Nxc4 24. bxc4 e5 25. dxe5 Qc7 26. Bd5 Bxe5 27. Bxe5 Qxe5 28. Qd3 Qf6 29. Qc3 Re5 30. Qxa5 Rbe8 31. Qc3 h5 32. Rb1 b6 33. Qd4 Qf5 34. Rxb6 Bg4 35. Rb7 R5e7 36. Rxe7 Rxe7 37. e4 Bf3 38. Rb1 1-0

[Event "Titled Tuesday intern op 09th Jul Late"]
[Site "Chess.com INT"]
[Date "2024.07.09"]
[Round "2"]
[White "Nanu, Ciprian Costica"]
[Black "Caku, Kler"]
[Result "0-1"]
[WhiteElo "2525"]
[BlackElo "1859"]
[PlyCount "112"]
[EventDate "2024.07.09"]
[EventType "swiss (blitz)"]
[EventRounds "11"]
[EventCountry "USA"]
[SourceTitle "EXT 2025"]
[Source "ChessBase"]
[SourceDate "2024.10.14"]
[SourceVersion "1"]
[SourceVersionDate "2024.10.14"]
[SourceQuality "1"]

1. Nf3 d5 2. c4 dxc4 3. Qa4+ Nd7 4. Qxc4 e6 5. g3 a6 6. Bg2 b5 7. Qc2 Bb7 8. 0-0 c5 9. a4 Ngf6 10. d3 Be7 11. Nc3 b4 12. Nb1 a5 13. Nbd2 0-0 14. Nc4 Nb6 15. Bf4 Nfd5 16. Bd2 Nxc4 17. dxc4 Nf6 18. Rad1 Be4 19. Qc1 Qe8 20. b3 Ra7 21. Bf4 Qa8 22. Bd6 Rd8 23. Bxe7 Rxe7 24. Qf4 Red7 25. Rxd7 Rxd7 26. Qe5 Qc8 27. Ne1 Bb1 28. Nf3 Bc2 29. Qb2 Be4 30. Ne5 Rd4 31. Bxe4 Nxe4 32. Nd3 Nc3 33. Re1 h6 34. Qd2 Qd8 35. Qe3 Qd6 36. Nf4 Re4 37. Qf3 Qd2 38. Kf1 Qd4 39. Nd3 Qd6 40. Nf4 Qd4 41. h4 Qd6 42. Nh5 Rd4 43. Nf4 e5 44. Qa8+ Kh7 45. Ng2 e4 46. Ne3 Rd2 47. Qe8 Qf6 48. Qb8 Rd4 49. Qf4 Qxf4 50. gxf4 Na2 51. Rd1 Rxd1+ 52. Nxd1 Nc1 53. Ne3 Nxb3 54. Nc2 Nd2+ 55. Ke1 Nxc4 56. e3 b3 0-1

[Event "Titled Tuesday intern op 21st May Early"]
[Site "Chess.com INT"]
[Date "2024.05.21"]
[Round "5"]
[White "Jovic, Stanoje"]
[Black "Nanu, Ciprian Costica"]
[Result "0-1"]
[WhiteElo "2097"]
[BlackElo "2525"]
[PlyCount "66"]
[EventDate "2024.05.21"]
[EventType "swiss (blitz)"]
[EventRounds "11"]
[EventCountry "USA"]
[SourceTitle "CBM 220 Extra"]
[Source "ChessBase"]
[SourceDate "2024.07.31"]
[SourceVersion "1"]
[SourceVersionDate "2024.07.31"]
[SourceQuality "1"]

1. c4 e5 2. g3 Nf6 3. Bg2 c6 4. d4 e4 5. d5 Bd6 6. Nc3 Qe7 7. Qc2 cxd5 8. cxd5 Bb4 9. Bd2 0-0 10. Nxe4 Nxe4 11. Bxe4 Bxd2+ 12. Kxd2 f5 13. Bf3 Na6 14. Nh3 d6 15. Rhd1 Nc5 16. Nf4 g5 17. Nd3 Ne4+ 18. Ke1 Bd7 19. Rac1 Rac8 20. Qb3 b6 21. Rxc8 Rxc8 22. Rc1 Re8 23. Rc7 g4 24. Bxe4 Qxe4 25. Nf4 Ba4 26. Qd3 Qh1+ 27. Kd2 Qd1+ 28. Kc3 Qc1+ 29. Kb4 Qxc7 30. Kxa4 Re4+ 31. Kb3 a5 32. a4 Qc5 33. Qb5 Rb4+ 0-1

[Event "Titled Tuesday intern op 21st May Early"]
[Site "Chess.com INT"]
[Date "2024.05.21"]
[Round "1"]
[White "Nanu, Ciprian Costica"]
[Black "Goh, Zi Han"]
[Result "0-1"]
[WhiteElo "2525"]
[BlackElo "2306"]
[PlyCount "72"]
[EventDate "2024.05.21"]
[EventType "swiss (blitz)"]
[EventRounds "11"]
[EventCountry "USA"]
[SourceTitle "CBM 220 Extra"]
[Source "ChessBase"]
[SourceDate "2024.07.31"]
[SourceVersion "1"]
[SourceVersionDate "2024.07.31"]
[SourceQuality "1"]

1. d3 Nf6 2. g3 g6 3. Bg2 Bg7 4. e4 d6 5. Nc3 0-0 6. Nge2 c5 7. 0-0 Nc6 8. h3 Rb8 9. Be3 b5 10. a4 b4 11. Nb1 Nd7 12. Qc1 Nd4 13. Bxd4 cxd4 14. Nd2 a5 15. Nc4 Ba6 16. Rd1 Nc5 17. b3 Bxc4 18. bxc4 Qd7 19. Qb2 b3 20. cxb3 Rxb3 21. Qc2 Rfb8 22. Nf4 Rb2 23. Qc1 Nxa4 24. Rd2 R2b4 25. Rda2 Nc3 26. Qc2 Nxa2 27. Rxa2 a4 28. Nd5 Rb1+ 29. Kh2 e6 30. Nf4 a3 31. Rxa3 R8b2 32. Ra8+ Bf8 33. Qa4 Qxa4 34. Rxa4 Rxf2 35. h4 e5 36. Nh3 Rd2 0-1

[Event "Titled Tuesday intern op 14th May Late"]
[Site "Chess.com INT"]
[Date "2024.05.14"]
[Round "3"]
[White "Nanu, Ciprian Costica"]
[Black "Jarocka, Liwia"]
[Result "1/2-1/2"]
[WhiteElo "2525"]
[BlackElo "2234"]
[PlyCount "162"]
[EventDate "2024.05.14"]
[EventType "swiss (blitz)"]
[EventRounds "11"]
[EventCountry "USA"]
[SourceTitle "CBM 220 Extra"]
[Source "ChessBase"]
[SourceDate "2024.07.31"]
[SourceVersion "1"]
[SourceVersionDate "2024.07.31"]
[SourceQuality "1"]

1. d3 Nf6 2. Nf3 g6 3. g3 Bg7 4. Bg2 0-0 5. 0-0 d6 6. Nc3 Nc6 7. a3 e5 8. Rb1 Rb8 9. b4 Bg4 10. Nd2 Qd7 11. Nc4 d5 12. Ne3 d4 13. Nxg4 Qxg4 14. Ne4 Nxe4 15. Bxe4 Qd7 16. b5 Nd8 17. Bd2 f5 18. Bg2 Kh8 19. c3 Ne6 20. cxd4 Nxd4 21. a4 c6 22. bxc6 Nxc6 23. Bc3 b6 24. Qd2 Rbc8 25. Rfc1 Nd4 26. e3 Ne6 27. Bb4 Rxc1+ 28. Rxc1 Rc8 29. h4 Nc5 30. a5 h5 31. axb6 axb6 32. Bxc5 Rxc5 33. Ra1 Rc8 34. Qb2 b5 35. Qb3 Rd8 36. Ra6 Kh7 37. Rb6 b4 38. Qxb4 Qxd3 39. Qe7 Qd7 40. Qg5 Qe8 41. Kh2 Rd2 42. Rb7 Rxf2 43. Qf6 Qg8 44. Qxe5 Re2 45. Qd4 Kh8 46. Qd3 Qa2 47. Qd8+ Kh7 48. Rxg7+ Kxg7 49. Qe7+ Kg8 50. Qe8+ Kg7 51. Qe7+ Qf7 52. Qe5+ Kh7 53. Qf4 Re1 54. Qb4 Ra1 55. Qb2 Ra7 56. Qd4 Qg7 57. Qc4 Re7 58. Qf4 Qe5 59. Qc4 Qxe3 60. Qc6 Qe5 61. Qc4 Qf6 62. Qd3 f4 63. Be4 fxg3+ 64. Kxg3 Qe5+ 65. Kf3 Qxe4+ 66. Qxe4 Rxe4 67. Kxe4 Kg7 68. Ke5 Kf7 69. Ke4 Kf6 70. Kf4 Ke6 71. Ke4 Kf6 72. Kf4 Kg7 73. Kg5 Kf7 74. Kf4 Kf6 75. Ke4 g5 76. hxg5+ Kxg5 77. Kf3 h4 78. Kg2 h3+ 79. Kh2 Kh4 80. Kg1 Kg3 81. Kh1 h2 1/2-1/2

[Event "Titled Tuesday intern op 07th May Late"]
[Site "Chess.com INT"]
[Date "2024.05.07"]
[Round "7"]
[White "Nanu, Ciprian Costica"]
[Black "Vasquez Schroder, Rodrigo Rafael"]
[Result "0-1"]
[WhiteElo "2525"]
[BlackElo "2478"]
[PlyCount "76"]
[EventDate "2024.05.07"]
[EventType "swiss (blitz)"]
[EventRounds "11"]
[EventCountry "USA"]
[SourceTitle "EXT 2025"]
[Source "ChessBase"]
[SourceDate "2024.10.14"]
[SourceVersion "1"]
[SourceVersionDate "2024.10.14"]
[SourceQuality "1"]

1. Nf3 c5 2. g3 b6 3. Bg2 Bb7 4. 0-0 Nf6 5. d3 e6 6. e4 d6 7. Re1 Be7 8. Nc3 0-0 9. a4 Nc6 10. Nd2 a6 11. f4 d5 12. e5 Nd7 13. Nf3 Qc7 14. Bd2 Rad8 15. h4 Rfe8 16. h5 f6 17. h6 g6 18. exf6 Bxf6 19. Qe2 Nd4 20. Qd1 Nf5 21. g4 Nxh6 22. g5 Bxc3 23. Bxc3 Nf5 24. Be5 Qc8 25. Kf2 d4 26. Rh1 Ne3 27. Qg1 Bxf3 28. Bxf3 Nxe5 29. fxe5 Rf8 30. Ke2 Qc7 31. Qh2 Rf7 32. Be4 Rdf8 33. Rag1 Rf2+ 34. Qxf2 Rxf2+ 35. Kxf2 Qxe5 36. Ke2 Nf5 37. Rh3 Qf4 38. Rf3 Qh2+ 0-1

[Event "Titled Tuesday intern op 07th May Early"]
[Site "Chess.com INT"]
[Date "2024.05.07"]
[Round "2"]
[White "Rustamov, Rustam"]
[Black "Nanu, Ciprian Costica"]
[Result "1-0"]
[WhiteElo "2287"]
[BlackElo "2525"]
[PlyCount "67"]
[EventDate "2024.05.07"]
[EventType "swiss (blitz)"]
[EventRounds "11"]
[EventCountry "USA"]
[SourceTitle "EXT 2025"]
[Source "ChessBase"]
[SourceDate "2024.10.14"]
[SourceVersion "1"]
[SourceVersionDate "2024.10.14"]
[SourceQuality "1"]

1. e4 c5 2. Nf3 d6 3. d4 cxd4 4. Nxd4 Nf6 5. Nc3 Nc6 6. Be2 g6 7. Be3 Bg7 8. 0-0 0-0 9. Qd2 Bd7 10. Rfd1 Rc8 11. h3 Nxd4 12. Bxd4 a6 13. f4 Bc6 14. e5 dxe5 15. fxe5 Ne4 16. Nxe4 Bxe4 17. c4 Qc7 18. Qe3 Bc6 19. e6 Bxd4 20. Rxd4 f6 21. Rad1 Rfd8 22. b4 Kg7 23. c5 Ba4 24. R1d2 a5 25. a3 axb4 26. axb4 b6 27. Rxd8 Rxd8 28. Rxd8 Qxd8 29. cxb6 Bc6 30. Qc5 Bb7 31. Kh2 Qd2 32. Qxe7+ Kh6 33. Qxb7 Qxe2 34. Qc7 1-0

[Event "Titled Tuesday intern op 30th Apr Early"]
[Site "Chess.com INT"]
[Date "2024.04.30"]
[Round "11"]
[White "Nanu, Ciprian Costica"]
[Black "Bashirov, Kemal"]
[Result "0-1"]
[WhiteElo "2525"]
[BlackElo "2386"]
[PlyCount "52"]
[EventDate "2024.04.30"]
[EventType "swiss (blitz)"]
[EventRounds "11"]
[EventCountry "USA"]
[SourceTitle "CBM 220 Extra"]
[Source "ChessBase"]
[SourceDate "2024.07.31"]
[SourceVersion "1"]
[SourceVersionDate "2024.07.31"]
[SourceQuality "1"]

1. c4 e6 2. Nf3 Nf6 3. g3 d5 4. Bg2 Be7 5. 0-0 d4 6. e3 c5 7. exd4 cxd4 8. d3 0-0 9. Na3 Nc6 10. Nc2 a5 11. Re1 Re8 12. Ne5 Nxe5 13. Rxe5 Bd6 14. Re1 e5 15. b3 Bg4 16. Qd2 Qc7 17. Ba3 Rab8 18. Bxd6 Qxd6 19. Qxa5 e4 20. dxe4 d3 21. e5 Qd8 22. exf6 Qxa5 23. Ne3 d2 24. Reb1 Rxe3 25. fxe3 Qc3 26. Kf2 Qc2 0-1

[Event "Titled Tuesday intern op 30th Apr Early"]
[Site "Chess.com INT"]
[Date "2024.04.30"]
[Round "9"]
[White "Tregubov, Pavel V"]
[Black "Nanu, Ciprian Costica"]
[Result "0-1"]
[WhiteElo "2562"]
[BlackElo "2525"]
[PlyCount "114"]
[EventDate "2024.04.30"]
[EventType "swiss (blitz)"]
[EventRounds "11"]
[EventCountry "USA"]
[SourceTitle "CBM 220 Extra"]
[Source "ChessBase"]
[SourceDate "2024.07.31"]
[SourceVersion "1"]
[SourceVersionDate "2024.07.31"]
[SourceQuality "1"]

1. e4 c5 2. Nf3 d6 3. d4 cxd4 4. Qxd4 Nf6 5. Nc3 Nc6 6. Qd3 g6 7. Be2 Bg7 8. 0-0 Ng4 9. h3 Nge5 10. Nxe5 Nxe5 11. Qg3 0-0 12. Qh4 Nc6 13. Bh6 Bf6 14. Qg3 Nd4 15. Bxf8 Qxf8 16. Bd3 Be6 17. Nd5 Bg7 18. c3 Nc6 19. Rad1 Rc8 20. f4 Qd8 21. Kh1 a6 22. Bc2 Bxd5 23. exd5 Nb8 24. f5 Nd7 25. fxg6 hxg6 26. Bxg6 fxg6 27. Qxg6 Nf6 28. Rf4 Qe8 29. Qf5 Qd7 30. Qg6 Qe8 31. Qf5 Qd7 32. Qd3 b5 33. b3 Nh5 34. Rg4 Nf6 35. Rh4 Qc7 36. c4 bxc4 37. bxc4 Qd7 38. Re1 Rc7 39. Re6 Qe8 40. Qf5 Qf7 41. Re3 Qf8 42. Rg3 Qc8 43. Qg6 Qf8 44. Rf4 Qf7 45. Qg5 Rc8 46. h4 Kh8 47. Rf5 Rg8 48. Qe3 Bf8 49. Rxg8+ Qxg8 50. Qf3 Qg6 51. Rg5 Qh6 52. Qf4 Bg7 53. g3 Qh7 54. Kg2 Qc2+ 55. Kh3 Qb1 56. Qf3 Qxa2 57. Qe2 Qxe2 0-1

[Event "Titled Tuesday intern op 23rd Apr Early"]
[Site "Chess.com INT"]
[Date "2024.04.23"]
[Round "10"]
[White "Montano Vicente, Guadalupe"]
[Black "Nanu, Ciprian Costica"]
[Result "0-1"]
[WhiteElo "1819"]
[BlackElo "2525"]
[PlyCount "84"]
[EventDate "2024.04.23"]
[EventType "swiss (blitz)"]
[EventRounds "11"]
[EventCountry "USA"]
[SourceTitle "EXT 2025"]
[Source "ChessBase"]
[SourceDate "2024.10.14"]
[SourceVersion "1"]
[SourceVersionDate "2024.10.14"]
[SourceQuality "1"]

1. d4 Nf6 2. c4 c5 3. Nc3 cxd4 4. Qxd4 Nc6 5. Qd1 e5 6. e3 Bb4 7. Bd2 0-0 8. Qc2 d5 9. cxd5 Nxd5 10. Nf3 Be6 11. a3 Bxc3 12. Bxc3 Rc8 13. Rd1 Qf6 14. Bc4 Nxe3 15. fxe3 Bxc4 16. Qe4 Bb3 17. Rd2 Qg6 18. Qxg6 hxg6 19. 0-0 f6 20. Rd7 b6 21. Rf2 Be6 22. Rd6 Bc4 23. Rfd2 g5 24. e4 Rfe8 25. Ne1 Be6 26. Nc2 Kf7 27. Ne3 Ke7 28. Nf5+ Bxf5 29. exf5 Red8 30. Re6+ Kf7 31. Rxd8 Nxd8 32. Rd6 Ke8 33. Bb4 Rc1+ 34. Kf2 Rc2+ 35. Kf3 Rxb2 36. Rd3 Nc6 37. Bd6 Nd4+ 38. Ke4 Kd7 39. Kd5 Rb5+ 40. Kc4 Kxd6 41. Rxd4+ exd4 42. Kxb5 d3 0-1

[Event "Titled Tuesday intern op 26th Dec Late"]
[Site "Chess.com INT"]
[Date "2023.12.26"]
[Round "1"]
[White "Kujawski, Adam"]
[Black "Nanu, Ciprian Costica"]
[Result "0-1"]
[WhiteElo "2111"]
[BlackElo "2523"]
[PlyCount "128"]
[EventDate "2023.12.26"]
[EventType "swiss (blitz)"]
[EventRounds "11"]
[EventCountry "USA"]
[SourceTitle "EXT 2025"]
[Source "ChessBase"]
[SourceDate "2024.10.14"]
[SourceVersion "1"]
[SourceVersionDate "2024.10.14"]
[SourceQuality "1"]

1. e4 Nc6 2. Nf3 d6 3. d4 g6 4. d5 Nb8 5. c4 Bg7 6. Nc3 Nd7 7. Be2 a6 8. 0-0 Ngf6 9. Ne1 0-0 10. Nd3 c6 11. f3 cxd5 12. cxd5 Ne8 13. Be3 Ne5 14. Nxe5 Bxe5 15. Qd2 Bd7 16. a4 Qa5 17. Kh1 Rc8 18. f4 Bxc3 19. bxc3 Qxc3 20. Qxc3 Rxc3 21. Bd4 Rc2 22. Bf3 Nf6 23. Rfc1 Rfc8 24. Rxc2 Rxc2 25. e5 Ng4 26. e6 Bxa4 27. exf7+ Kxf7 28. Bxg4 Bb3 29. Be6+ Kf8 30. f5 gxf5 31. Rf1 Ke8 32. h4 Rc4 33. Rf4 a5 34. g4 a4 35. gxf5 h5 36. Be3 Rc3 37. Rf3 a3 38. Rg3 Bxd5+ 39. Bxd5 Kd7 40. Be6+ Kc6 41. Bf4 Rxg3 42. Bxg3 b5 43. Be1 d5 44. Kg1 a2 45. Bxd5+ Kxd5 46. Bc3 Kc4 47. Ba1 Kb3 48. f6 exf6 49. Bxf6 Kc2 50. Kf2 b4 51. Kf3 b3 52. Kf4 b2 53. Bxb2 Kxb2 54. Kg5 a1Q 55. Kxh5 Qa7 56. Kg5 Qg7+ 57. Kh5 Qh8+ 58. Kg5 Kc3 59. h5 Kd4 60. h6 Ke5 61. Kg6 Ke6 62. h7 Ke7 63. Kh6 Kf7 64. Kg5 Qxh7 0-1

[Event "Titled Tuesday intern op 26th Dec Late"]
[Site "Chess.com INT"]
[Date "2023.12.26"]
[Round "4"]
[White "Nanu, Ciprian Costica"]
[Black "Bernat, David"]
[Result "1-0"]
[WhiteElo "2523"]
[BlackElo "1862"]
[PlyCount "159"]
[EventDate "2023.12.26"]
[EventType "swiss (blitz)"]
[EventRounds "11"]
[EventCountry "USA"]
[SourceTitle "EXT 2025"]
[Source "ChessBase"]
[SourceDate "2024.10.14"]
[SourceVersion "1"]
[SourceVersionDate "2024.10.14"]
[SourceQuality "1"]

1. a3 c5 2. e4 g6 3. Nf3 Bg7 4. d4 cxd4 5. Nxd4 Nc6 6. Nf3 Nf6 7. Nc3 0-0 8. Be2 d6 9. 0-0 h6 10. Re1 Be6 11. Be3 Rc8 12. Nd4 a6 13. Nxe6 fxe6 14. Bc4 Qd7 15. Ba2 Kh7 16. h3 Ne5 17. Qe2 b5 18. Rad1 Nc4 19. Bc1 Nxa3 20. e5 Ne8 21. exd6 Nc4 22. dxe7 Qxe7 23. Nd5 Qf7 24. Nf4 e5 25. Nd5 Ned6 26. c3 Rcd8 27. Bb1 Nf5 28. Ne3 Nfxe3 29. Bxe3 Kh8 30. Bc1 Rxd1 31. Rxd1 Qf6 32. b3 Nd6 33. Be3 Nf5 34. Bc5 Rc8 35. b4 a5 36. Qg4 axb4 37. cxb4 Re8 38. Be4 h5 39. Qe2 Nd4 40. Qd3 Re6 41. Bd5 Ra6 42. Bxd4 exd4 43. Qxb5 Rb6 44. Qe8+ Kh7 45. b5 Qf8 46. Qxf8 Bxf8 47. Bc6 Bg7 48. Kf1 g5 49. Ke2 Kg6 50. Kd3 Kf5 51. Kc4 Rb8 52. Kc5 Bf8+ 53. Kxd4 g4 54. hxg4+ hxg4 55. Rb1 Bg7+ 56. Kc5 Bf8+ 57. Kc4 Bd6 58. b6 g3 59. Kd5 Kf4 60. Kxd6 gxf2 61. Kc7 Rf8 62. b7 Ke3 63. Bd7 Ke2 64. Bc8 Rf7+ 65. Bd7 Rf8 66. Rb2+ Ke1 67. Rxf2 Kxf2 68. g4 Kg3 69. g5 Rg8 70. b8Q Rxb8 71. Kxb8 Kf4 72. g6 Kg5 73. g7 Kh6 74. g8Q Kh5 75. Qg4+ Kh6 76. Kc7 Kh7 77. Kd6 Kh8 78. Ke7 Kh7 79. Kf6 Kh8 80. Qg7# 1-0

[Event "Titled Tuesday intern op 19th Dec Early"]
[Site "Chess.com INT"]
[Date "2023.12.19"]
[Round "4"]
[White "Garrido, Denis"]
[Black "Nanu, Ciprian Costica"]
[Result "0-1"]
[WhiteElo "2227"]
[BlackElo "2523"]
[PlyCount "98"]
[EventDate "2023.12.19"]
[EventType "swiss (blitz)"]
[EventRounds "11"]
[EventCountry "USA"]
[SourceTitle "CBM 217 Extra"]
[Source "ChessBase"]
[SourceDate "2024.01.31"]
[SourceVersion "1"]
[SourceVersionDate "2024.01.31"]
[SourceQuality "1"]

1. e4 c5 2. Nf3 Nc6 3. Bb5 Qb6 4. Nc3 e6 5. Bxc6 Qxc6 6. d4 cxd4 7. Nxd4 Qc7 8. 0-0 a6 9. Re1 d6 10. Bg5 Be7 11. Bxe7 Nxe7 12. Qh5 Ng6 13. Rad1 Bd7 14. a4 Rc8 15. g3 Qc5 16. Qe2 0-0 17. h4 Rfd8 18. h5 Ne5 19. Nb3 Qc7 20. h6 g6 21. Qe3 Be8 22. Qf4 Qe7 23. Nd4 Nc4 24. Qc1 Qf6 25. Nb1 Rc5 26. b3 Nb6 27. Re2 Rh5 28. Kg2 Nd7 29. f4 Rxh6 30. Nf3 Nc5 31. Ng5 Bc6 32. Nd2 Rh5 33. Ree1 Rxg5 34. fxg5 Qxg5 35. Kh2 Qh5+ 36. Kg1 Qg4 37. Re3 Nxe4 38. Nxe4 Bxe4 39. Rd4 f5 40. Qd2 Qg5 41. Kf2 Qe7 42. c4 e5 43. Rdxe4 fxe4 44. Rxe4 Rf8+ 45. Kg2 Qf6 46. Qd5+ Kg7 47. Qxb7+ Rf7 48. Qd5 Qf1+ 49. Kh2 Rf2# 0-1

[Event "ROM GP KO final"]
[Site "Alba Iulia"]
[Date "2023.12.05"]
[Round "1.1"]
[White "Petkov, Momchil"]
[Black "Nanu, Ciprian Costica"]
[Result "1-0"]
[WhiteElo "2496"]
[BlackElo "2523"]
[PlyCount "91"]
[EventDate "2023.12.05"]
[EventType "k.o."]
[EventRounds "3"]
[EventCountry "ROU"]
[SourceTitle "CBM 217 Extra"]
[Source "ChessBase"]
[SourceDate "2024.01.31"]
[SourceVersion "1"]
[SourceVersionDate "2024.01.31"]
[SourceQuality "1"]

1. d4 Nf6 2. Bf4 e6 3. Nf3 c5 4. e3 cxd4 5. exd4 Be7 6. h3 0-0 7. c3 b6 8. a4 Bb7 9. Nbd2 a6 10. Bd3 d6 11. 0-0 Nbd7 12. Bh2 Re8 13. Ne1 Nf8 14. Nc2 Ng6 15. Ne3 Bf8 16. Qb3 Nd5 17. Rfe1 Ndf4 18. Bxg6 Nxg6 19. Ndc4 Rb8 20. Qxb6 Qxb6 21. Nxb6 Bxg2 22. Nd7 Bxh3 23. Nxb8 Rxb8 24. Nc4 Nh4 25. Re3 Bg4 26. b4 Nf5 27. Re4 h5 28. Ne3 Bf3 29. Rf4 Ba8 30. Nxf5 g5 31. Re4 exf5 32. Re2 f4 33. b5 a5 34. Rae1 Bd5 35. Re8 Rb7 36. Rc8 Kg7 37. c4 Bf3 38. c5 dxc5 39. dxc5 Rd7 40. c6 Rd2 41. Rxf8 Kxf8 42. Rc1 Ra2 43. b6 Rxa4 44. c7 Bb7 45. c8Q+ Bxc8 46. Rxc8+ 1-0

[Event "ROM GP Final GpB"]
[Site "Alba Iulia"]
[Date "2023.12.04"]
[Round "3"]
[White "Gavrilescu, David"]
[Black "Nanu, Ciprian Costica"]
[Result "1/2-1/2"]
[WhiteElo "2523"]
[BlackElo "2523"]
[PlyCount "91"]
[EventDate "2023.12.04"]
[EventType "tourn (rapid)"]
[EventRounds "6"]
[EventCountry "ROU"]
[EventCategory "5"]
[SourceTitle "CBM 217 Extra"]
[Source "ChessBase"]
[SourceDate "2024.01.31"]
[SourceVersion "1"]
[SourceVersionDate "2024.01.31"]
[SourceQuality "1"]

1. e4 c5 2. Nf3 d6 3. d4 Nf6 4. Nc3 cxd4 5. Nxd4 a6 6. Be3 Ng4 7. Bg5 h6 8. Bh4 g5 9. Bg3 Bg7 10. h3 Ne5 11. Nf5 Bxf5 12. exf5 Nbd7 13. Nd5 Rc8 14. c3 Nb6 15. Be2 Nxd5 16. Qxd5 Qb6 17. Qb3 Qxb3 18. axb3 h5 19. h4 g4 20. b4 Nc4 21. 0-0-0 Kd7 22. Kb1 Nxb2 23. Kxb2 Rxc3 24. Kb1 Rhc8 25. f6 Bxf6 26. Bd3 Rb3+ 27. Ka2 Rb2+ 28. Ka3 Rc6 29. Rc1 Rd2 30. Bf5+ e6 31. Rxc6 bxc6 32. Bh7 Bd4 33. Rf1 c5 34. bxc5 Bxc5+ 35. Kb3 a5 36. Kc3 Bb4+ 37. Kb3 f5 38. Bg6 Rd3+ 39. Kc2 Rc3+ 40. Kb1 a4 41. Bf4 Rb3+ 42. Ka2 Ra3+ 43. Kb2 Rb3+ 44. Ka2 Ra3+ 45. Kb2 Rb3+ 46. Ka2 1/2-1/2